indiana illustrated classics: (Record no. 9340)
[ view plain ]
| 000 -LEADER | |
|---|---|
| fixed length control field | 00798nam a22001937a 4500 |
| 003 - CONTROL NUMBER IDENTIFIER | |
| control field | OSt |
| 005 - DATE AND TIME OF LATEST TRANSACTION | |
| control field | 20260408015404.0 |
| 008 - FIXED-LENGTH DATA ELEMENTS--GENERAL INFORMATION | |
| fixed length control field | 260408b |||||||| |||| 00| 0 eng d |
| 040 ## - CATALOGING SOURCE | |
| Original cataloging agency | DWCL GS lib |
| Transcribing agency | OC |
| 082 ## - DEWEY DECIMAL CLASSIFICATION NUMBER | |
| Classification number | Fic. W453 2008 |
| 100 ## - MAIN ENTRY--PERSONAL NAME | |
| Personal name | Wells , H.G |
| 245 ## - TITLE STATEMENT | |
| Title | indiana illustrated classics: |
| Remainder of title | the invisible man |
| Statement of responsibility, etc. | H.G Wells |
| 260 ## - PUBLICATION, DISTRIBUTION, ETC. | |
| Place of publication, distribution, etc. | India |
| Name of publisher, distributor, etc. | Indiana publishing house |
| Date of publication, distribution, etc. | c2008 |
| 300 ## - PHYSICAL DESCRIPTION | |
| Extent | 238 |
| Other physical details | illustrations |
| Dimensions | 20 cm |
| 520 ## - SUMMARY, ETC. | |
| Summary, etc. | The Invisible Man by H.G. Wells, often featured in illustrated classics collections, is a science fiction story about a scientist named Griffin who discovers the secret of invisibility but descends into madness and crime. |
| 546 ## - LANGUAGE NOTE | |
| Language note | English |
| 700 ## - ADDED ENTRY--PERSONAL NAME | |
| Personal name | H.G Wells |
| 942 ## - ADDED ENTRY ELEMENTS (KOHA) | |
| Source of classification or shelving scheme | Dewey Decimal Classification |
| Koha item type | Fiction |
| Classification part | Fic. W453 2008 |
| Suppress in OPAC | No |
No items available.